000
00385nam a22001577a 4500
003
MPLRDC
005
20220104144518.0
008
210129b ||||| |||| 00| 0 eng d
082
_a
447.129 ZZP
100
_a
赵仲平编著
245
_a
汽车的汽油发动机
_c
260
_a
_b
香港万里书店
_c
1973
300
_b
平
650
_a
汽车燃料
942
_c
BK
_o
447.129 ZZP
999
_c
50333
_d
50323